| 000 | 00574nam a2200205Ia 4500 | ||
|---|---|---|---|
| 999 |
_c49486 _d49486 |
||
| 001 | 16410 | ||
| 003 | GE_BSU | ||
| 005 | 20221129124219.0 | ||
| 008 | 181216s2006||||enk|||||||||||||| ||und|| | ||
| 020 | _a9780553804720x | ||
| 040 | _cGE_BSU | ||
| 041 | _aeng | ||
| 080 | _a156.9 P-30 | ||
| 100 |
_aPease, Allan & Barbara Pease. _916200 |
||
| 245 | 4 |
_aThe definitive book of body language / _cPease, Allan & Barbara Pease. |
|
| 264 |
_aNew York : _bBantam Books, _c2006. |
||
| 300 |
_a386 p.: _bill; _c24 cm. |
||
| 653 | _aფსიქოლოგია | ||
| 942 |
_cBK _2udc |
||